000 00639nam a2200193 4500
001 118716
003 ES-MaACL
005 20251005063109.0
007 t|
008 070214q1910 sp r ||||1| spa d
100 1 _aPi Suñer, Augusto,
_d1879-1965
_991726
245 1 3 _aLa unidad funcional
_b: (ensayos de fisiología interorgánica) /
_cAugusto Pi Suñer.
260 _aBarcelona :
_bMinerva,
_c[1910?]
300 _a350 p. ;
_c18 cm.
490 1 _aBiblioteca de cultura moderna y contemporánea
830 0 _aBiblioteca de cultura moderna y contemporánea
_9181123
852 _aES-MaACL
_jF-599
999 _c118716
_d118716